Statistics for VFL Teams

Click here to take the quiz!

General Stats

  • This quiz has been taken 32 times
    (23 since last reset)
  • The average score is 17 of 23

Answer Stats

Answer% Correct
Box Hill Hawks
88%
Casey Demons
88%
Collingwood Magpies
88%
Essendon Bombers
88%
Geelong Cats
88%
Northern Bullants
88%
Richmond Tigers
88%
Sydney Swans
88%
Brisbane Lions
82%
Coburg Lions
82%
Werribee Tigers
82%
Carlton Blues
76%
Gold Coast Suns
76%
GWS Giants
76%
Williamstown Seagulls
76%
Footscray Bulldogs
71%
Frankston Dolphins
71%
Sandringham Zebras
71%
North Melbourne Kangaroos
65%
Port Melbourne Boroughs
65%
Southport Sharks
53%
Southern Saints
41%
Darebin Falcons
12%

Score Distribution

Percentile by Number Answered

Percent of People with Each Score

Your Score History

You have not taken this quiz since the last reset